Statistiques concernant Mots de la langue française de 3 lettres

Cliquez ici pour prendre le quiz!

Statistiques générales

  • Ce quiz a été pris 246 fois
  • Le résultat moyen est 12 sur 25

Statistiques - réponses

IndiceMot% Correct
moismai
91%
javeleau
86%
monnaie japonaiseyen
85%
zéronul
77%
01Ain
74%
Attilahun
68%
nezpif
68%
sélectiontri
65%
apéritifkir
56%
solutionclé
52%
monnaie bulgarelev
52%
poisson rougeide
45%
ceintureobi
44%
grainsel
44%
loup-cafébar
39%
vieil indienute
38%
maréeraz
35%
douchegel
32%
lancefer
31%
monnaie coréennewon
29%
terrever
21%
oiejeu
17%
Saint-Pierrezee
13%
arbuste ethiopienqat
11%
dignitaire ottomandey
9%

Distribution des résultats

Percentile par nombre de réponses

% des personnes avec chaque résultat

Votre développement - résultats

Vous n’avez pas pris ce quiz